01857nam a2200325 a 4500001001000000003000400010005001700014008004100031040002500072082002700097110005800124245026400182260005200446300002100498500007100519590002700590651005500617651005600672651006100728700004800789700006600837700004000903910003700943942001400980952013600994952013601130952012101266952012701387999001701514000021033OSt20240316073901.0100830s2009 dr 000 0 spa d aDO-SdBNPbspacBNPHU 4a342.7293039bR426a2221 aRepública Dominicana.bCámara de Diputados93223810aActas de la Asamblea revisora de la Constitución de la República Dominicana 1963 :bsesiones celebradas del 25 de enero al 20 de abril de 1963 /cEditores Tomás Castro Burdiez, León Félix Batista ; presentación Julio César Valentín Jiminián. aSanto domingo :bFundación Juan Bosch,c2009. a540 p. ;c28 cm. aEdición Conmemorativa del Centenario del Natalicio de Juan Bosch aInventariado, 2018/ YL 4aRepública DominicanaxConstitución (1963)9448 4aRepública DominicanazDerecho constitucional9449 4aRepública DominicanaxReformas constitucionales9357811 aBatista, León Félix,d1964-eed.9120311 aValentín Jiminían, Julio César,d1966-epresent.915248 aCastro, Tomás,d1959-eed.924641 aValidado. Control de calidad EMS 2ddccLBS1 001052708DSaGRbGRcHDd2013-06-17iLF1l0o342.7293039 R426ap21033-30r2020-06-25te. 3w2020-06-25yLFDSZPréstamo interno 001054708DSaGRbGRcHDd2015-01-12iLF1l0o342.7293039 R426ap21033-40r2020-06-25te. 4w2020-06-25yLFDSZPréstamo en sala 0010718PDaPDbPDcHDd2010-08-30iLF1l0o342.7293039 R426ap21033-10r2020-06-25w2020-06-25yLFPDZNo se presta 0010718PDaPDbPDcHDd2010-08-30iLF1l0o342.7293039 R426ap21033-20r2020-06-25te. 2w2020-06-25yLFPDZNo se presta c20536d20536